Tri groše a budúci vládcovia

Systematický vývoj svetovej ekonomiky s nádychom futurológie v podmienkach globalizácie. Príčiny, dôsledky a riešenia bezhraničných problémov sa stali civilizačnými výzvami pre celú spoločnosť a sociálno-ekonomické bytie. Človek ako organizátor a účastník spoločenského a ekonomického života sa tiež...

Descrizione completa

Salvato in:
Dettagli Bibliografici
Autore principale: Buday, Jozef
Natura: Capitolo di libro
Lingua:slovacco
Soggetti:
Tags: Aggiungi Tag
Nessun Tag, puoi essere il primo ad aggiungerne!!

MARC

LEADER 00000nla$a2200000$$$4500
001 0120817
005 20240502072352.4
041 0 |a slo 
044 |a SK 
245 1 0 |a Tri groše a budúci vládcovia  |c Jozef Buday 
520 |a Systematický vývoj svetovej ekonomiky s nádychom futurológie v podmienkach globalizácie. Príčiny, dôsledky a riešenia bezhraničných problémov sa stali civilizačnými výzvami pre celú spoločnosť a sociálno-ekonomické bytie. Človek ako organizátor a účastník spoločenského a ekonomického života sa tiež musí prispôsobovať. Hľadanie riešení formuje vzájomnú previazanosť a vznik nového usporiadania, pretvorenie finančnej architektúry a vytvorenie priestoru pre vzájomné spolunažívanie a spoločné snaženie dosiahnuť globálnu rovnováhu v súvislosti s prerozdelením bohatstva. 
610 2 0 |a globalizácia 
610 2 0 |a politika hospodárska 
610 2 0 |a investície 
610 2 0 |a bohatstvo 
610 2 0 |a rovnováha hospodárska 
100 1 |a Buday, Jozef